000 01069nam0a22002891 4500
001 rc\4553182
005 20130416184057.2
021 _aRU
_b[61-88908]
035 _a(NLR Aleph) 008642735
090 _a8952543
_c8952543
100 _a20130416d1961 |||y0rusy50 ca
101 0 _arus
102 _aRU
105 _ay z |||||
200 1 _aФизико-химические свойства некоторых кремнийорганических соединений
210 _aМосква
_cГосхимиздат
_d1961
215 _a39 с.
_d21
300 _aНа обл. авт. не указаны
320 _aБиблиогр.: с. 35-36 (34 назв.)
606 _aКремнийорганические соединения
_xФизико-химические свойства
_2psbo
700 1 _aЛельчук
_bС. Л.
_gСемен Львович
701 1 _aТубянская
_bВ. С.
_gВиталия Семеновна
801 0 _aRU
_bNLR
_gpsbo
801 1 _aRU
_bELAR
_2rusmarc
852 _aNLR
_j62-4/1602
942 _cBOOK
980 _aNB